000 00317nam a22001217a 4500
008 230619b xxu||||| |||| 00| 0 eng d
082 _a305.4
_bBIR
100 _cAlexandra Biryukova
245 _aEqual rights and equal opportunities
260 _aMoscow
_bProfizdat Publishers
_c1985
300 _a83p
942 _2ddc
_cBK
999 _c1419
_d1419